000 01313cam a22003734a 4500
001 14959518
003 OSt
005 20260316141817.0
008 070809s2007 ilu b 001 0 eng
010 _a 2007032835
020 _a9781433501081
_qpbk.
035 _a14959518
040 _aDLC
_cDLC
_dDLC
050 0 0 _aBT265.3
_b.J44 2007
082 0 0 _a232/.3
_222
100 1 _aJeffery, S.
_q(Steve)
245 1 0 _aPierced for our transgressions :
_brediscovering the glory of penal substitution /
_cSteve Jeffery, Michael Ovey, and Andrew Sach.
260 _aWheaton, Ill. :
_bCrossway Books,
_cc2007.
300 _ap. cm.
336 _atext
_btxt
_2rdacontent
337 _aunmediated
_bn
_2rdamedia
338 _avolume
_bnc
_2rdacarrier
504 _aIncludes bibliographical references and index.
600 0 0 _aJesus Christ
_xPerson and offices.
650 0 _aAtonement.
650 0 _aApologetics.
700 1 _aOvey, Michael.
700 1 _aSach, Andrew.
856 4 1 _3Table of contents only
_uhttp://www.loc.gov/catdir/toc/ecip0724/2007032835.html
906 _a7
_bcbc
_corignew
_d1
_eecip
_f20
_gy-gencatlg
942 _2lcc
_cBK
999 _c21466
_d21465